Adaptación de señales periféricas de salida generadas por la unidad central de un autómata programable (PLC) para su aplicación a los actuadores de un proceso industrial
Сохранить в:
| Главный автор: | |
|---|---|
| Формат: | |
| Опубликовано: |
[San José, Costa Rica]
2009
|
| Предметы: | |
| Метки: |
Добавить метку
Нет меток, Требуется 1-ая метка записи!
|
MARC
| LEADER | 00000nam a2200000Ia 4500 | ||
|---|---|---|---|
| 003 | 001476 | ||
| 005 | 20221231144044.0 | ||
| 008 | 140114s2009 cr a 000 ||s d | ||
| 040 | |c cru CEDI | ||
| 090 | |a TFG 5995 | ||
| 100 | |a Salas Peraza, Osvaldo |9 3511 | ||
| 245 | |a Adaptación de señales periféricas de salida generadas por la unidad central de un autómata programable (PLC) para su aplicación a los actuadores de un proceso industrial | ||
| 260 | |c 2009 |b [San José, Costa Rica] | ||
| 300 | |a vi, 59 hojas; ilustraciones | ||
| 500 | |a Proyecto de graduación (bachillerato de ingeniería eléctrica)--Universidad de Costa Rica. Facultad de Ingeniería. Escuela de Ingeniería Eléctrica | ||
| 650 | |x CONTROL DE PROCESOS |x AUTOMATIZACION |x SISTEMAS DE TRANSMISION DE DATOS |x CIRCUITOS DE INTERFAZ |x INTERFASES CON EL USUARIO (SISTEMA PARA COMPUTADORA) |9 3512 | ||
| 942 | |c TFG | ||
| 999 | |c 16233 |d 16233 | ||
